La Población indígena en Costa Rica según el censo 2000 /
Gardado en:
| Autor Principal: | |
|---|---|
| Autor Corporativo: | |
| Formato: | Procedimiento de la Conferencia |
| Acceso en liña: | http://populi.eest.ucr.ac.cr |
| Etiquetas: |
Engadir etiqueta
Sen Etiquetas, Sexa o primeiro en etiquetar este rexistro!
|
MARC
| LEADER | 00000 a a2200000 04500 | ||
|---|---|---|---|
| 001 | 44975 | ||
| 003 | |||
| 040 | |||
| 100 | |a Solano Salazar, Elizabeth | ||
| 111 | |a Simposio Costa Rica a la luz del Censo del 2000(5-6 de agosto del 2000) | ||
| 245 | |a La Población indígena en Costa Rica según el censo 2000 / |c Elizabeth Solano Salazar | ||
| 500 | |a Subpoblaciones y minorías. Parte IV | ||
| 773 | |g páginas 341-373 | ||
| 856 | |u http://populi.eest.ucr.ac.cr | ||
| 999 | |c 21553 |d 21553 | ||
